00746nam a22001817a 4500003000400000005001700004008004100021040001400062100003200076245015400108260000900262300002900271500010200300504002600402942001600428999001500444952010500459OSt20171010095527.0121004t xxu||||| |||| 00| 0 eng d aMMSUcULS aAgullana, Rowena A. 913108 aIsolation and characterization of halophilic bacteria associated with some chlorophytes and sea water in Pagudpud, Ilocos Norte cRowena A. Agullana c2008 axiii, 42 leaves c28 cm. aThesis (BS Biology) -- Mariano Marcos State University-College of Arts and Sciences, Batac City  aBibliography: leaf 22 2ddccTHEDIS c9798d9798 00102lcc4070aREFbREFd2012-10-04l0p3511-Un r2012-10-04w2012-10-04yTHEDISzLibrary Use only